00458 a2200109 4500082001200000100001700012245006400029260008200093300004000175500007600215856005700291 aBICSE-2 aHassan Sajid aSEECS instant notification system via SMS/MMScHassan Sajid aIslamabad :bNUST School of Electrical Engineering & Computer Science,c2009. av, 45 p. :bill. ;c27 cm +eCD-ROM aSupervisors : Mr. Mujtaba Haider, Mr. Bilal Saqib, Ms. Shamaila Kiyani. uhttp://10.250.8.41:8080/xmlui/handle/123456789/10366